[Event "Belgrade-chT"]
[Site "Belgrade"]
[Date "2020.10.12"]
[Round "8.5"]
[White "Koscal, Arsenije"]
[Black "Kerecki, Ljubisa"]
[Result "1/2-1/2"]
[WhiteElo "1787"]
[BlackElo "2018"]
[PlyCount "47"]
[EventDate "2020.10.04"]
[EventType "team-tourn"]
[EventRounds "9"]
[EventCountry "SRB"]
[SourceTitle "EXT 2022"]
[Source "ChessBase"]
[SourceDate "2021.10.06"]
[SourceVersion "1"]
[SourceVersionDate "2021.10.06"]
[SourceQuality "1"]
[WhiteTeam "Romanticari"]
[BlackTeam "Bogoslov"]
[WhiteTeamCountry "SRB"]
[BlackTeamCountry "SRB"]

1. d4 Nf6 2. Bf4 e6 3. e3 c5 4. Nf3 Nc6 5. Nc3 Qa5 6. Nd2 cxd4 7. exd4 Qf5 8. Be3 Nb4 9. Rc1 Be7 10. a3 Nbd5 11. Nxd5 Nxd5 12. Bd3 Nxe3 13. fxe3 Qg5 14. Qf3 0-0 15. Ne4 Qh6 16. 0-0 d6 17. Nf2 e5 18. Rce1 f5 19. Bc4+ Be6 20. Bxe6+ Qxe6 21. Qxb7 Rfb8 22. Qc6 Rc8 23. Qa4 Rab8 24. Nd3 1/2-1/2

[Event "Belgrade-chT"]
[Site "Belgrade"]
[Date "2020.10.11"]
[Round "7.5"]
[White "Trajkovic, Nada"]
[Black "Kerecki, Ljubisa"]
[Result "0-1"]
[WhiteElo "1748"]
[BlackElo "2018"]
[PlyCount "38"]
[EventDate "2020.10.04"]
[EventType "team-tourn"]
[EventRounds "9"]
[EventCountry "SRB"]
[SourceTitle "EXT 2022"]
[Source "ChessBase"]
[SourceDate "2021.10.06"]
[SourceVersion "1"]
[SourceVersionDate "2021.10.06"]
[SourceQuality "1"]
[WhiteTeam "Tadic"]
[BlackTeam "Bogoslov"]
[WhiteTeamCountry "SRB"]
[BlackTeamCountry "SRB"]

1. e4 c5 2. d4 cxd4 3. c3 dxc3 4. Nxc3 b6 5. Bc4 Ba6 6. Bd5 Nc6 7. e5 Qc7 8. Nf3 e6 9. Bb3 Nb4 10. Bc2 Qc4 11. Be3 Nxc2+ 12. Qxc2 Ne7 13. Qd2 Nf5 14. Rd1 d5 15. exd6 Bxd6 16. Ne2 Rd8 17. a3 Bb4 18. axb4 Rxd2 19. Rxd2 Nxe3 0-1

[Event "Belgrade-chT Quality"]
[Site "Belgrade"]
[Date "2019.10.29"]
[Round "9.6"]
[White "Milosevic, Zeljko"]
[Black "Kerecki, Ljubisa"]
[Result "1/2-1/2"]
[WhiteElo "1870"]
[BlackElo "2035"]
[PlyCount "23"]
[EventDate "2019.10.05"]
[EventType "team-tourn"]
[EventRounds "11"]
[EventCountry "SRB"]
[SourceTitle "EXT 2022"]
[Source "ChessBase"]
[SourceDate "2021.10.06"]
[SourceVersion "1"]
[SourceVersionDate "2021.10.06"]
[SourceQuality "1"]
[WhiteTeam "Polet"]
[BlackTeam "Bogoslov"]
[WhiteTeamCountry "SRB"]
[BlackTeamCountry "SRB"]

1. e4 c5 2. c3 e5 3. Nf3 d6 4. Bc4 h6 5. d4 cxd4 6. cxd4 Qc7 7. Bb5+ Nd7 8. 0-0 Ngf6 9. Re1 Be7 10. dxe5 dxe5 11. Nc3 0-0 12. h3 1/2-1/2

[Event "Belgrade-chT"]
[Site "Belgrade"]
[Date "2017.10.21"]
[Round "6.5"]
[White "Kerecki, Ljubisa"]
[Black "Bojanic, Denis"]
[Result "0-1"]
[WhiteElo "2096"]
[BlackElo "1989"]
[PlyCount "85"]
[EventDate "2017.10.01"]
[EventType "team-tourn"]
[EventRounds "11"]
[EventCountry "SRB"]
[SourceTitle "CBM 181 Extra"]
[Source "ChessBase"]
[SourceDate "2017.12.12"]
[SourceVersion "1"]
[SourceVersionDate "2017.12.12"]
[SourceQuality "1"]
[WhiteTeam "Bogoslov"]
[BlackTeam "Vidikovac"]
[WhiteTeamCountry "SRB"]
[BlackTeamCountry "SRB"]

1. e4 e6 2. d4 d5 3. Nd2 c5 4. Ngf3 Nf6 5. e5 Nfd7 6. c3 Nc6 7. Nb3 cxd4 8. cxd4 f6 9. exf6 Qxf6 10. Be2 Bd6 11. 0-0 0-0 12. Bd2 b6 13. Rc1 Bb7 14. Bb5 Rac8 15. Qe2 e5 16. dxe5 Ndxe5 17. Nxe5 Bxe5 18. Bxc6 Bxc6 19. Bc3 d4 20. Bxd4 Bxd4 21. Qc4+ Kh8 22. Qxd4 Qg5 23. g3 Rcd8 24. f4 Qg6 25. f5 Qf7 26. Qc4 Qxc4 27. Rxc4 Bb5 28. Rcf4 Bxf1 29. Kxf1 Rd1+ 30. Kg2 Kg8 31. g4 Re8 32. Rf2 Kf7 33. h3 Ree1 34. Rc2 Rd3 35. h4 Re4 36. g5 Ke7 37. Rc7+ Rd7 38. Rc3 Rxh4 39. Re3+ Kf7 40. Kg3 Rh1 41. Re2 Rf1 42. Kg4 Rd5 43. f6 0-1

[Event "Belgrade City-chT"]
[Site "Belgrade"]
[Date "2013.10.26"]
[Round "1"]
[White "Kerecki, Ljubisa"]
[Black "Mitic, Miroljub"]
[Result "0-1"]
[WhiteElo "2098"]
[BlackElo "2256"]
[PlyCount "76"]
[EventDate "2013.10.26"]
[EventType "team-tourn"]
[EventRounds "11"]
[EventCountry "SRB"]
[SourceTitle "EXT 2015"]
[Source "ChessBase"]
[SourceDate "2014.11.20"]
[SourceVersion "1"]
[SourceVersionDate "2014.11.20"]
[SourceQuality "1"]

1. e4 c5 2. Nf3 e6 3. d4 cxd4 4. Nxd4 Nf6 5. Nc3 d6 6. Be2 Be7 7. 0-0 0-0 8. Be3 a6 9. f4 Qc7 10. Bf3 Nc6 11. Qe1 Bd7 12. Rd1 Rfe8 13. Kh1 Rab8 14. Qg3 e5 15. Nf5 Bxf5 16. exf5 exf4 17. Bxf4 Ne5 18. Be2 b5 19. Bg5 Ned7 20. Bd3 b4 21. Ne2 Ne5 22. Nf4 Nxd3 23. Qxd3 Qc6 24. Ne2 Rbc8 25. Nd4 Qb7 26. Rf3 Ng4 27. Qd2 Qe4 28. Bxe7 Qxe7 29. f6 Qe5 30. Qf4 Qxf4 31. Rxf4 Nxf6 32. Kg1 Nd5 33. Rf2 Ne3 34. Rd3 Ng4 35. Rf1 Ne5 36. Rb3 Rc4 37. Rd1 Ng4 38. a3 Rxd4 0-1

[Event "Belgrade-chT"]
[Site "Belgrade"]
[Date "2011.10.09"]
[Round "8.3"]
[White "Kerecki, Ljubisa"]
[Black "Katanic Vujic, Petar"]
[Result "0-1"]
[WhiteElo "2129"]
[BlackElo "2314"]
[PlyCount "91"]
[EventDate "2011.10.01"]
[EventType "team-tourn"]
[EventRounds "11"]
[EventCountry "SRB"]
[SourceTitle "CBM 144 Extra"]
[Source "ChessBase"]
[SourceDate "2011.10.28"]
[SourceVersion "1"]
[SourceVersionDate "2011.10.28"]
[SourceQuality "1"]
[WhiteTeam "Bogoslov"]
[BlackTeam "Belgrade Vodovod"]
[WhiteTeamCountry "YUG"]
[BlackTeamCountry "YUG"]

1. e4 e6 2. d4 d5 3. Nd2 Nf6 4. e5 Ne4 5. Bd3 Nxd2 6. Bxd2 c5 7. c3 Qb6 8. Qb3 c4 9. Qxb6 axb6 10. Bc2 b5 11. a3 b4 12. cxb4 Nc6 13. Nf3 Nxb4 14. Bxb4 Bxb4+ 15. Ke2 Be7 16. Rhb1 b5 17. b4 Bd7 18. Kd2 f5 19. Kc3 g5 20. Ra2 Kf7 21. Rba1 Rhb8 22. Rh1 h5 23. h4 g4 24. Nd2 f4 25. Nb1 Kg7 26. Bd1 Kh6 27. Rd2 Ra7 28. Ra2 Be8 29. Bc2 Rba8 30. Ra1 Bf8 31. Ra2 Be7 32. g3 Bg6 33. Bxg6 Kxg6 34. Rg1 Ra4 35. Rb2 Rf8 36. Re2 fxg3 37. fxg3 Rf3+ 38. Kc2 Bxb4 39. axb4 Ra2+ 40. Kd1 Rb3 41. Nc3 Ra1+ 42. Kc2 Rxg1 43. Nxb5 Rgb1 44. Rd2 R1b2+ 45. Kc1 Rxd2 46. Kxd2 0-1

[Event "Belgrade Winter op"]
[Site "Belgrade"]
[Date "2011.01.26"]
[Round "5"]
[White "Carnic, Srdjan"]
[Black "Kerecki, Ljubisa"]
[Result "1-0"]
[WhiteElo "2343"]
[BlackElo "2173"]
[PlyCount "68"]
[EventDate "2011.01.22"]
[EventType "swiss"]
[EventRounds "9"]
[EventCountry "SRB"]
[SourceTitle "CBM 140 Extra"]
[Source "ChessBase"]
[SourceDate "2011.03.01"]
[SourceVersion "1"]
[SourceVersionDate "2011.03.01"]
[SourceQuality "1"]

1. e4 c5 2. Nf3 d6 3. c3 Nf6 4. h3 g6 5. Bd3 Bg7 6. Bc2 d5 7. exd5 Nxd5 8. 0-0 Nc6 9. Re1 0-0 10. Na3 e5 11. Nc4 Re8 12. a4 b6 13. d3 Ba6 14. Bb3 Qd7 15. a5 b5 16. Ne3 Nf4 17. Ng5 Nd8 18. Ne4 Rc8 19. Ng4 Rc6 20. Bxf4 exf4 21. d4 c4 22. d5 Rxe4 23. Rxe4 Rd6 24. Qe2 cxb3 25. Re7 Re6 26. Qxe6 Qxe6 27. dxe6 Nxe6 28. Rxa7 Nc5 29. Ra8+ Bf8 30. Nf6+ Kg7 31. Ne8+ Kg8 32. Nc7 Bb7 33. Rxf8+ Kxf8 34. a6 Bc6 1-0

[Event "SRB-chT"]
[Site "Belgrade"]
[Date "2010.10.03"]
[Round "3"]
[White "Kerecki, Ljubisa"]
[Black "Joksimovic, Dragoljub"]
[Result "0-1"]
[WhiteElo "2167"]
[BlackElo "2168"]
[PlyCount "80"]
[EventDate "2010.10.01"]
[EventType "team-tourn"]
[EventRounds "11"]
[EventCountry "YUG"]
[SourceTitle "CBM 138 Extra"]
[Source "ChessBase"]
[SourceDate "2010.10.29"]
[SourceVersion "1"]
[SourceVersionDate "2010.10.29"]
[SourceQuality "1"]

1. e4 d6 2. d4 g6 3. Be3 Bg7 4. Qd2 c6 5. c4 a6 6. Bd3 b5 7. Ne2 bxc4 8. Bxc4 d5 9. exd5 cxd5 10. Bb3 Nf6 11. Nbc3 Nc6 12. Rc1 Na5 13. Ba4+ Bd7 14. Bf4 Nc4 15. Qc2 0-0 16. Bxd7 Qxd7 17. b3 Na3 18. Qd3 Nb5 19. Na4 Qg4 20. Bg3 Qe4 21. Qxe4 Nxe4 22. Bf4 Nxd4 23. Nb6 Nxe2 24. Kxe2 Nc3+ 25. Rxc3 Bxc3 26. Nxa8 Rxa8 27. Rc1 Bb4 28. Rc6 f6 29. h4 Kf7 30. Kd3 a5 31. Bd2 h5 32. Bc1 e5 33. Bd2 e4+ 34. Ke2 d4 35. Bc1 Be7 36. Bb2 d3+ 37. Kd2 f5 38. g3 a4 39. Rc1 axb3 40. axb3 Ra2 0-1

[Event "SRB-chT"]
[Site "Belgrade"]
[Date "2010.10.02"]
[Round "2"]
[White "Martic, Nemanja"]
[Black "Kerecki, Ljubisa"]
[Result "1/2-1/2"]
[WhiteElo "2196"]
[BlackElo "2167"]
[PlyCount "195"]
[EventDate "2010.10.01"]
[EventType "team-tourn"]
[EventRounds "11"]
[EventCountry "YUG"]
[SourceTitle "CBM 138 Extra"]
[Source "ChessBase"]
[SourceDate "2010.10.29"]
[SourceVersion "1"]
[SourceVersionDate "2010.10.29"]
[SourceQuality "1"]

1. e4 c5 2. Nf3 d6 3. d4 cxd4 4. Nxd4 Nf6 5. Nc3 e6 6. Be3 Be7 7. f3 a6 8. Qd2 Qc7 9. g4 b5 10. 0-0-0 Bb7 11. h4 b4 12. Nce2 d5 13. e5 Nfd7 14. f4 Nc5 15. Ng3 Nc6 16. Kb1 Nxd4 17. Bxd4 a5 18. f5 0-0-0 19. Qe3 Kb8 20. g5 Rc8 21. Rh2 g6 22. f6 Bd8 23. Rdd2 Qc6 24. h5 Bb6 25. Rd1 Rhd8 26. Rhd2 Rd7 27. Be2 Rdc7 28. Bf3 Na4 29. Ne2 Ba6 30. Bxb6 Nxb6 31. b3 Bxe2 32. Bxe2 a4 33. Qd4 Qc5 34. Ba6 Rg8 35. Qxc5 Rxc5 36. Rd4 axb3 37. axb3 gxh5 38. Rg1 Nd7 39. Rxb4+ Kc7 40. Rh4 Nxe5 41. Rxh5 Ra8 42. Be2 Rca5 43. Rd1 Rg8 44. Kb2 Kd6 45. Rg1 d4 46. Rxh7 Rga8 47. Rd1 Kc5 48. b4+ Kxb4 49. Rxd4+ Kc5 50. Re4 Rb8+ 51. Kc3 Ra3+ 52. Kd2 Rd8+ 53. Ke1 Kd5 54. Rb4 Rg8 55. Rg7 Rh8 56. Kd2 Rh2 57. Rb3 Ra4 58. Rb5+ Ke4 59. g6 Nc4+ 60. Kc3 Rxe2 61. Kb3 Ra1 62. Kxc4 fxg6 63. f7 Rxc2+ 64. Kb3 Rf2 65. Rb4+ Ke5 66. Rg4 Raf1 67. Rg5+ Kd6 68. R5xg6 Rxf7 69. Rxf7 Rxf7 70. Kc3 Ke5 71. Kd3 Ra7 72. Rh6 Ra3+ 73. Ke2 Kf5 74. Rh5+ Kf4 75. Rh4+ Kg5 76. Rh8 e5 77. Rf8 Kg4 78. Rf7 Rb3 79. Rf8 Kg3 80. Rf7 Kg4 81. Rf8 Rb1 82. Rf7 Kg5 83. Ke3 Re1+ 84. Kd3 Kg6 85. Rf8 Kg7 86. Rf5 Kg6 87. Rf8 Kg5 88. Rf7 Kg4 89. Rf8 Kg3 90. Rf7 e4+ 91. Kd2 Ra1 92. Ke3 Re1+ 93. Kd2 Rh1 94. Ke3 Rh4 95. Rg7+ Kh3 96. Re7 Kg3 97. Rxe4 Rxe4+ 98. Kxe4 1/2-1/2

[Event "Belgrade-ch"]
[Site "Belgrade"]
[Date "2010.01.30"]
[Round "8"]
[White "Skare, Goran"]
[Black "Kerecki, Ljubisa"]
[Result "1/2-1/2"]
[WhiteElo "2293"]
[BlackElo "2175"]
[PlyCount "63"]
[EventDate "2010.01.23"]
[EventType "swiss"]
[EventRounds "9"]
[EventCountry "YUG"]
[SourceTitle "CBM 134 Extra"]
[Source "ChessBase"]
[SourceDate "2010.03.03"]
[SourceVersion "1"]
[SourceVersionDate "2010.03.03"]
[SourceQuality "1"]

1. d4 Nf6 2. c4 g6 3. Nf3 Bg7 4. g3 c5 5. Bg2 0-0 6. 0-0 cxd4 7. Nxd4 Nc6 8. c5 Qa5 9. Nb3 Qa6 10. Nc3 b6 11. a3 Bb7 12. Re1 Ne5 13. e4 Bc6 14. Bf1 Qb7 15. f4 Neg4 16. e5 Bf3 17. Ba6 Bxd1 18. Bxb7 Bxb3 19. exf6 Bxf6 20. Bxa8 Rxa8 21. cxb6 axb6 22. h3 Bd4+ 23. Kg2 Nf6 24. Be3 Bxc3 25. bxc3 b5 26. Bc5 d6 27. Bb4 Nd5 28. Kf3 Kf8 29. g4 Nb6 30. f5 f6 31. Re2 Nc4 32. Kf4 1/2-1/2

[Event "Belgrade-ch"]
[Site "Belgrade"]
[Date "2010.01.27"]
[Round "5"]
[White "Kerecki, Ljubisa"]
[Black "Chelushkina, Irina"]
[Result "1/2-1/2"]
[WhiteElo "2175"]
[BlackElo "2326"]
[PlyCount "126"]
[EventDate "2010.01.23"]
[EventType "swiss"]
[EventRounds "9"]
[EventCountry "YUG"]
[SourceTitle "CBM 134 Extra"]
[Source "ChessBase"]
[SourceDate "2010.03.03"]
[SourceVersion "1"]
[SourceVersionDate "2010.03.03"]
[SourceQuality "1"]

1. e4 e6 2. d4 d5 3. Nd2 c5 4. Ngf3 Nc6 5. exd5 exd5 6. Be2 c4 7. 0-0 Nf6 8. Re1 Be7 9. Nf1 0-0 10. Bg5 h6 11. Bf4 Be6 12. h3 Rc8 13. c3 b5 14. Ng3 b4 15. Qc2 Re8 16. Ne5 Qa5 17. Bf3 Nxe5 18. Bxe5 Nd7 19. Nf5 Nxe5 20. Nxe7+ Rxe7 21. Rxe5 Rb7 22. Bg4 Bxg4 23. hxg4 g6 24. Qd2 Kg7 25. Qe3 bxc3 26. bxc3 Rcb8 27. Qf3 Rb1+ 28. Rxb1 Rxb1+ 29. Kh2 Qd8 30. g5 hxg5 31. Rxd5 Qh8+ 32. Qh3 Qxh3+ 33. gxh3 Rc1 34. Rxg5 Rxc3 35. Ra5 Rd3 36. Rxa7 Rxd4 37. a4 Rd2 38. Kg2 Ra2 39. a5 Kf6 40. Rc7 Ra4 41. a6 Rxa6 42. Rxc4 Ke5 43. Kg3 f5 44. Kh4 Kf6 45. f4 Ra3 46. Rc3 Ra1 47. Rc6+ Kg7 48. Rc4 Kh6 49. Rb4 Re1 50. Kg3 Re3+ 51. Kg2 Ra3 52. Rb7 Rc3 53. Ra7 Rc5 54. Kg3 Rc3+ 55. Kg2 Rb3 56. Rc7 g5 57. Rc6+ Kh5 58. Rf6 Rb5 59. Kg3 Ra5 60. Rf8 gxf4+ 61. Kxf4 Kg6 62. Rg8+ Kf6 63. Rf8+ Kg6 1/2-1/2

[Event "Belgrade-ch"]
[Site "Belgrade"]
[Date "2010.01.25"]
[Round "3"]
[White "Kerecki, Ljubisa"]
[Black "Marinkov, Svetislav"]
[Result "1-0"]
[WhiteElo "2175"]
[BlackElo "1936"]
[PlyCount "89"]
[EventDate "2010.01.23"]
[EventType "swiss"]
[EventRounds "9"]
[EventCountry "YUG"]
[SourceTitle "CBM 134 Extra"]
[Source "ChessBase"]
[SourceDate "2010.03.03"]
[SourceVersion "1"]
[SourceVersionDate "2010.03.03"]
[SourceQuality "1"]

1. e4 c5 2. Nf3 d6 3. d4 cxd4 4. Nxd4 Nf6 5. Nc3 a6 6. Be2 e5 7. Nb3 Be7 8. 0-0 0-0 9. f4 exf4 10. Bxf4 Nc6 11. Qd2 Be6 12. Rad1 Ne5 13. Bg5 Qb6+ 14. Kh1 Rad8 15. Qe1 Ng6 16. Qg3 Qc7 17. h4 Kh8 18. h5 Ne5 19. Nd4 Rg8 20. Qh4 h6 21. Bxf6 Bxf6 22. Rxf6 gxf6 23. Qxf6+ Kh7 24. Nd5 Bxd5 25. Nf5 Rg6 26. hxg6+ fxg6 27. exd5 gxf5 28. Qxf5+ Kg8 29. Rf1 Qe7 30. Qh5 Kg7 31. Rf4 Rf8 32. Rh4 Rf6 33. Re4 Rg6 34. Qh3 Qg5 35. Re3 Qf4 36. b3 b5 37. Rc3 Qf7 38. Bf3 Rg5 39. Qc8 Nxf3 40. Rxf3 Qe7 41. Qe6 Rh5+ 42. Kg1 Qa7+ 43. Kf1 Rh1+ 44. Ke2 Qc7 45. Rg3+ 1-0

[Event "Belgrade-ch"]
[Site "Belgrade"]
[Date "2010.01.24"]
[Round "2"]
[White "Govedarica, Radovan"]
[Black "Kerecki, Ljubisa"]
[Result "1-0"]
[WhiteElo "2372"]
[BlackElo "2175"]
[PlyCount "113"]
[EventDate "2010.01.23"]
[EventType "swiss"]
[EventRounds "9"]
[EventCountry "YUG"]
[SourceTitle "CBM 134 Extra"]
[Source "ChessBase"]
[SourceDate "2010.03.03"]
[SourceVersion "1"]
[SourceVersionDate "2010.03.03"]
[SourceQuality "1"]

1. d4 Nf6 2. c4 c6 3. Nc3 d5 4. Nf3 e6 5. e3 Nbd7 6. b3 Bb4 7. Bd2 Qe7 8. cxd5 exd5 9. Qc1 Ba3 10. Qc2 0-0 11. Bd3 Re8 12. 0-0 Ne4 13. Bc1 Bd6 14. Bb2 Ndf6 15. Ne5 Nxc3 16. Bxc3 g6 17. f4 Ng4 18. Rf3 f5 19. Rg3 Be6 20. h3 Nh6 21. Re1 Rf8 22. Qe2 Qh4 23. Qf3 a5 24. Re2 a4 25. Be1 Qf6 26. b4 Kh8 27. a3 Nf7 28. Ra2 Rac8 29. Qd1 b5 30. Rc2 Bxe5 31. dxe5 Qe7 32. Qc1 Bd7 33. Bc3 Qe6 34. Bd4 Kg8 35. Qd1 Rb8 36. Qh5 Nd8 37. Qh4 Rf7 38. Kh2 Rg7 39. Rf3 Nf7 40. Rf1 Kf8 41. g4 Kg8 42. Qf6 Nd8 43. Ba7 Ra8 44. Bb6 Rf7 45. Qh4 Qe8 46. Rfc1 fxg4 47. hxg4 Qe7 48. Qg3 Ra6 49. Bc5 Qe8 50. Rg2 Ne6 51. Bd4 Nxd4 52. exd4 Kh8 53. Kg1 Ra7 54. Rf1 Qf8 55. f5 gxf5 56. gxf5 Bxf5 57. Rxf5 1-0

[Event "Belgrade Summer op"]
[Site "Belgrade"]
[Date "2009.06.03"]
[Round "2"]
[White "Andrijevic, Milan"]
[Black "Kerecki, Ljubisa"]
[Result "0-1"]
[WhiteElo "2383"]
[BlackElo "2173"]
[PlyCount "120"]
[EventDate "2009.06.02"]
[EventType "swiss"]
[EventRounds "9"]
[EventCountry "SRB"]
[SourceTitle "EXT 2019"]
[Source "ChessBase"]
[SourceDate "2018.10.10"]
[SourceVersion "1"]
[SourceVersionDate "2018.10.10"]
[SourceQuality "1"]

1. e4 c5 2. Nf3 d6 3. d4 cxd4 4. Nxd4 Nf6 5. Nc3 a6 6. Be2 g6 7. 0-0 Bg7 8. f4 Nc6 9. Nb3 b5 10. Bf3 Qb6+ 11. Kh1 b4 12. Nd5 Nxd5 13. exd5 Na5 14. Qe2 Nxb3 15. cxb3 Bd7 16. Re1 Bf6 17. Be3 Qb5 18. Qd2 0-0 19. Bd4 Rac8 20. Bxf6 exf6 21. Be2 Qb6 22. Bc4 Rfe8 23. a3 a5 24. axb4 axb4 25. h3 h5 26. Rf1 Re3 27. Rae1 Rce8 28. Rxe3 Rxe3 29. Re1 Rg3 30. Rd1 Kg7 31. Qd4 Qa5 32. Kh2 h4 33. Re1 Qa8 34. Qb6 Qa2 35. Qd4 Bf5 36. Re7 g5 37. fxg5 Rxg5 38. Re1 Bc2 39. Qxh4 Qxb2 40. Qf2 Qc3 41. Qe3 Bg6 42. Qxc3 bxc3 43. Kg1 c2 44. Rc1 Be4 45. Kf2 Rxg2+ 46. Ke3 f5 47. b4 Kf6 48. Kd4 Rg3 49. b5 Rxh3 50. b6 Ke7 51. b7 Rh8 52. Bb5 Rb8 53. Bc6 Kd8 54. Kc3 Kc7 55. Kb2 f4 56. Re1 f5 57. Re2 Rh8 58. Re1 f3 59. Kc3 f2 60. Rf1 Rh1 0-1

[Event "Belgrade-ch"]
[Site "Belgrade"]
[Date "2009.01.28"]
[Round "5"]
[White "Kerecki, Ljubisa"]
[Black "Pucarevic, Milenko"]
[Result "0-1"]
[WhiteElo "2197"]
[BlackElo "2246"]
[PlyCount "108"]
[EventDate "2009.01.24"]
[EventType "swiss"]
[EventRounds "9"]
[EventCountry "YUG"]
[SourceTitle "CBM 128 Extra"]
[Source "ChessBase"]
[SourceDate "2009.03.05"]
[SourceVersion "2"]
[SourceVersionDate "2009.03.25"]
[SourceQuality "1"]

1. e4 c5 2. Nf3 e6 3. d4 cxd4 4. Nxd4 a6 5. g3 Qc7 6. Bg2 Nc6 7. 0-0 Nf6 8. c4 Be7 9. b3 d6 10. Bb2 Bd7 11. Nc3 0-0 12. Kh1 Rac8 13. Rc1 Qb8 14. f4 Nxd4 15. Qxd4 Bc6 16. f5 e5 17. Qd3 b5 18. cxb5 axb5 19. b4 Qb7 20. a3 h6 21. h3 Rfd8 22. Nd5 Nxd5 23. exd5 Bd7 24. h4 Bf6 25. Be4 Rc4 26. Rxc4 bxc4 27. Qf3 Rc8 28. Bc3 Qa7 29. Ra1 Ba4 30. Kg2 Bd8 31. Qe2 Kf8 32. Qd2 f6 33. g4 Bb6 34. Kf3 Bd4 35. Rh1 Be8 36. Ra1 Bxc3 37. Qxc3 Bf7 38. a4 Qa8 39. b5 Bxd5 40. Qe3 c3 41. Qd3 Bxe4+ 42. Qxe4 d5 43. Qb4+ Kg8 44. b6 d4+ 45. b7 Qb8 46. bxc8Q+ Qxc8 47. Qb3+ Kh7 48. Qd5 c2 49. Rc1 Qc3+ 50. Kg2 Qd2+ 51. Kh3 Qxc1 52. Qf7 Qf1+ 53. Kg3 Qf4+ 54. Kg2 Qxg4+ 0-1

[Event "Belgrade Trophy 21st"]
[Site "Obrenovac"]
[Date "2008.11.29"]
[Round "3"]
[White "Stancic, Lazar"]
[Black "Kerecki, Ljubisa"]
[Result "0-1"]
[WhiteElo "1968"]
[BlackElo "2174"]
[PlyCount "121"]
[EventDate "2008.11.27"]
[EventType "swiss"]
[EventRounds "9"]
[EventCountry "YUG"]
[SourceTitle "CBM 127 Extra"]
[Source "ChessBase"]
[SourceDate "2009.01.08"]
[SourceVersion "2"]
[SourceVersionDate "2009.01.28"]
[SourceQuality "1"]

1. e4 c5 2. Nf3 d6 3. d4 cxd4 4. Qxd4 Nc6 5. Bb5 Bd7 6. Bxc6 bxc6 7. c4 e5 8. Qd3 Nf6 9. Nc3 Rb8 10. b3 Qa5 11. 0-0 Be7 12. Bg5 Be6 13. Rac1 Rd8 14. Rfd1 h6 15. Bxf6 Bxf6 16. Qd2 Qc7 17. Nd5 Qb8 18. Nxf6+ gxf6 19. Rc3 Qb4 20. Qe3 Qa3 21. Rc2 h5 22. Rcd2 Ke7 23. Nh4 Rhg8 24. Kh1 Rg4 25. g3 Qa5 26. f3 Rg5 27. f4 exf4 28. gxf4 Qc5 29. Qxc5 Rxc5 30. f5 Bc8 31. Rd4 Ra5 32. R1d2 Bb7 33. R4d3 Re5 34. Re3 d5 35. Nf3 Rxe4 36. Rxe4+ dxe4 37. Rxd8 Kxd8 38. Nd4 c5 39. Ne2 Ke7 40. Nf4 h4 41. Ng2 h3 42. Ne3 Kd6 43. Ng4 Bc8 44. Nxf6 Bxf5 45. Kg1 Ke5 46. Nd5 Kd4 47. Kf2 Bg4 48. Nf6 e3+ 49. Ke1 Bf5 50. Nd5 Be4 51. Nc7 Bc6 52. Ke2 Bd7 53. Nd5 Bg4+ 54. Ke1 f5 55. Nf6 Bf3 56. Nd7 f4 57. Nf6 Bg2 58. Nh5 f3 59. Ng3 Kd3 60. b4 f2+ 61. Kd1 0-1

[Event "Belgrade Trophy 21st"]
[Site "Obrenovac"]
[Date "2008.11.28"]
[Round "2"]
[White "Kerecki, Ljubisa"]
[Black "Simic, Radoslav"]
[Result "0-1"]
[WhiteElo "2174"]
[BlackElo "2373"]
[PlyCount "40"]
[EventDate "2008.11.27"]
[EventType "swiss"]
[EventRounds "9"]
[EventCountry "YUG"]
[SourceTitle "CBM 127 Extra"]
[Source "ChessBase"]
[SourceDate "2009.01.08"]
[SourceVersion "2"]
[SourceVersionDate "2009.01.28"]
[SourceQuality "1"]

1. e4 c5 2. Nf3 Nc6 3. d4 cxd4 4. Nxd4 e5 5. Nb5 d6 6. c4 Be7 7. N1c3 a6 8. Na3 Be6 9. Nc2 Bg5 10. Be3 Bxe3 11. Nxe3 Nf6 12. Be2 0-0 13. 0-0 Nd4 14. Bd3 Qa5 15. Qd2 b5 16. Rfd1 Rfc8 17. b3 Kf8 18. Rf1 bxc4 19. Bxc4 Bxc4 20. Nxc4 Qxc3 0-1

[Event "Belgrade-chT Quality"]
[Site "Belgrade"]
[Date "2008.11.09"]
[Round "8"]
[White "Kerecki, Ljubisa"]
[Black "Krstic, Relja"]
[Result "1-0"]
[WhiteElo "2174"]
[BlackElo "2200"]
[PlyCount "121"]
[EventDate "2008.11.01"]
[EventType "team-swiss"]
[EventRounds "11"]
[EventCountry "YUG"]
[SourceTitle "CBM 127 Extra"]
[Source "ChessBase"]
[SourceDate "2009.01.08"]
[SourceVersion "2"]
[SourceVersionDate "2009.01.28"]
[SourceQuality "1"]

1. e4 c6 2. d4 d5 3. Nc3 dxe4 4. Nxe4 Nd7 5. Nf3 Ngf6 6. Ng3 e6 7. Be2 Be7 8. 0-0 Qc7 9. c4 b6 10. b3 Bb7 11. Qc2 c5 12. Bb2 a6 13. Rad1 cxd4 14. Nxd4 0-0 15. Qb1 Nc5 16. Bf3 Bxf3 17. Nxf3 Ncd7 18. Rfe1 Rfe8 19. Re2 Rad8 20. Rc1 h6 21. a3 Nc5 22. Be5 Qb7 23. Ne1 Ng4 24. Ba1 Bf6 25. Bxf6 Nxf6 26. b4 Ncd7 27. Nd3 Rc8 28. f3 Rc6 29. Rec2 Rec8 30. Ne2 Qb8 31. Qb3 Qd6 32. Nb2 Qe5 33. Ng3 Qf4 34. Qd3 Ne5 35. Qe2 Qd4+ 36. Kh1 Ng6 37. Rd1 Qh4 38. Rcd2 Nh7 39. Rd4 Qf6 40. Ne4 Qe5 41. Qd2 Nhf8 42. c5 bxc5 43. Nxc5 Ne7 44. Nc4 Qc7 45. Na5 Rb6 46. Qd3 Qa7 47. Nc4 Rbc6 48. Ne5 Rxc5 49. bxc5 Qxc5 50. Ng4 Nd5 51. Ne3 Nb6 52. h3 a5 53. Rb1 e5 54. Rd6 Na4 55. Rd5 Qc7 56. Nf5 Nc5 57. Qe3 Nfe6 58. Rxe5 Rd8 59. Rc1 Rd3 60. Rexc5 Nxc5 61. Qxd3 1-0